El siglo de Pericles

Spremljeno u:
Bibliografski detalji
Glavni autor: Cloché, Paul (Autor)
Format: Knjiga
Jezik:španjolski
Izdano: Barcelona, España Vergara 1957
Teme:
Oznake: Dodaj oznaku
Bez oznaka, Budi prvi tko označuje ovaj zapis!

MARC

LEADER 00000nam a2200000 a 4500
001 UCP9481
003 CL-VaPUC
005 20210625001743.0
008 000324e19570000SP |||||||||||||||||spa|d
999 |c 286293  |d 286291 
040 |c Pontificia Universidad Católica de Valparaíso 
082 0 4 |a 938.04 CLO 1957  |2 21 
100 0 |a Cloché, Paul  |e author  |9 440085 
245 1 3 |a El siglo de Pericles 
260 |a Barcelona, España  |b Vergara  |c 1957 
300 |a 137 páginas 
583 |a last modification  |c 20000324 00:00:00  |k Rodrigo Vera 
600 0 |a Pericles  |9 268847 
650 0 |a Historia antigua  |z GRECIA  |9 267521 
650 0 |a Democracia  |z GRECIA  |9 255256 
650 0 |a Arte griego  |9 267884 
650 7 |a MOVIMIENTOS RELIGIOSOS  |2 CL-VaPUC  |9 346572  |z GRECIA 
650 7 |a TEATRO GRIEGO  |2 CL-VaPUC  |9 440086 
650 7 |a LITERATURA GRIEGA  |2 CL-VaPUC  |9 258054 
650 0 |a Filosofía griega  |9 265579 
942 |c BK  |2 ddc 
945 |d 20000324 00:00:00  |a rherrera 
952 |0 0  |1 0  |2 ddc  |4 0  |6 938_040000000000000_CLO_1957  |7 0  |8 A  |9 331826  |a BIBHIS  |b BIBHIS  |d 2019-11-20  |i 1260561  |l 2  |m 4  |o 938.04 CLO 1957  |p 1260561  |r 2025-01-20  |s 2021-10-04  |t 1  |w 2019-11-20  |y BK  |k HIS